00704cam a22002057a 4500003000500000005001700005008004100022010001000063011001000073035001100083040000900094100003500103245012900138260004100267300002800308502008100336650002200417650002900439650003000468CHAP20220329143036.0051010d2005 mx b r 00110 spa d a91102 a92074 a102637 cCHAP00aVázquez Ramírez, Evaristo.10aAnálisis y diagnóstico de la reforestacion en el Estado de Durango. periodo 1982-1988c/por Evaristo Vázquez Ramírez aChapingo, Méx. :bEl autor,c2005. a46 h. :bcuadros, mapas aTesis (Ing. Agr. Esp. en Bosques) -- UACH. División de Ciencias Forestales14aBosquesxDurango.14aBosquesxRegeneración.14aReforestaciónxDurango.